|
|
|
|
| LEADER |
01139cam a22003491a 4500 |
| 001 |
000035808 |
| 003 |
12100 |
| 005 |
20210317095224.0 |
| 008 |
160318s2006 xxu 000 eng |
| 020 |
|
|
|a 0072257687
|
| 040 |
|
|
|a lnn
|c lnn
|d lnn
|
| 041 |
0 |
|
|a eng
|
| 082 |
0 |
4 |
|a 005.7585
|b LI-L
|
| 100 |
1 |
|
|a Linnemeyer, Lawrence.
|
| 245 |
1 |
0 |
|a Oracle HTML DB Handbook /
|c Lawrence Linnemeyer, Bradley Brown.
|
| 260 |
|
|
|a New York :
|b McGraw-Hill/Osborne,
|c 2006.
|
| 300 |
|
|
|a xxi, 485 p. :
|b ill. ;
|c 24 cm.
|
| 500 |
|
|
|a Includes index.
|
| 650 |
0 |
4 |
|a Relational databases.
|
| 653 |
|
|
|a Oracle.
|
| 653 |
|
|
|a Databases.
|
| 700 |
1 |
|
|a Brown, Bradley.
|
| OWN |
|
|
|a LNN
|
| 902 |
|
|
|a TKA
|
| AVA |
|
|
|a UDN50
|b LNN
|c English
|d 005.7585 LI-L
|e available
|t Error 5001 Not defined in file expand_doc_bib_avail.
|f 1
|g 0
|h N
|i 0
|j AN
|k 1
|
| 999 |
|
|
|a From the UDN01
|
| AVA |
|
|
|a UDN50
|b LNN
|c English
|d 005.7585 LI-L
|e available
|t Error 5001 Not defined in file expand_doc_bib_avail.
|f 1
|g 0
|h N
|i 0
|j AN
|k 1
|
| TYP |
|
|
|a Monograph
|
| TYP |
|
|
|a Printed language
|
| 980 |
|
|
|a Mạng thư viện Đại học Đà Nẵng
|